[Event "XXX Torre Memorial 2018"]
[Site "Merida"]
[Date "2018.12.17"]
[Round "6"]
[White "Ortiz Suarez, Isan Reynaldo"]
[Black "Gonzalez Vidal, Yuri"]
[Result "0-1"]
[WhiteElo "2514"]
[BlackElo "2553"]
[Annotator "TA"]
[PlyCount "74"]
[EventDate "2018.12.15"]
[EventType "swiss"]
[EventCountry "MEX"]
[SourceTitle "playchess.com"]
[Source "ChessBase"]
[SourceQuality "1"]

{[%evp 19,74,18,24,18,17,16,21,8,49,11,12,0,0,0,0,0,0,0,0,0,0,0,0,-103,-101,-141,-177,-184,-108,-115,-109,-109,-112,-102,-106,-170,-164,-182,-198,-245,-189,-187,-171,-531,-524,-578,-622,-588,-182,-165,-158,-207,-234,-222,-215,-268,-255]} 1. e4 e5 2. Nf3 Nc6 3. Bc4 Bc5 4. O-O Nf6 5. d3 O-O 6. a4 a5 7. c3 d6 8. Bg5 {[%cal Bc1g5,Bg5h4,Bh4g3][%mdl 32] C54: Giuoco Piano: 4 c3 Nf6, main lines with 5 d4 and 5 d3} h6 (8... Qe7 9. Nbd2 Be6 10. Qb3 Rab8 11. Rad1 h6 12. Bh4 Ba7 13. Bxe6 Qxe6 14. Bxf6 Qxb3 15. Nxb3 gxf6 {1-0 (45) Adams,M (2706)-McShane,L (2669) Hull 2018}) 9. Bh4 g5 10. Bg3 Kg7 {LiveBook: 5 Games} 11. Na3 Be6 12. Bxe6 fxe6 13. Nc4 $146 ({Predecessor:} 13. Re1 g4 14. Nd2 Nh5 15. Qxg4+ Qg5 16. Qxg5+ hxg5 17. Re2 Rf6 18. Nb3 {½-½ (18) Cvak,R (2337)-Conde Poderoso,A (2347) ICCF email 2017}) 13... Ba7 14. Nfd2 Qe8 15. Nb3 h5 16. h4 Ng4 17. Qd2 (17. hxg5 h4 $15) 17... gxh4 18. Qg5+ $1 Kh7 19. Qxh4 Qg6 20. Rad1 Rg8 {And now ...Nxf2 would win.} 21. d4 (21. Qh3 $1 $11) 21... exd4 $17 22. cxd4 e5 $1 {[%cal Ra7d4]} 23. Ne3 exd4 (23... Raf8 $19 24. Nf5 exd4 25. Nbxd4 Nxd4 26. Nxd4 Nf6) 24. Nd5 Raf8 {Threatens to win with ...d3.} 25. Nf4 {[#]} Rxf4 $1 {[%mdl 512]} 26. Bxf4 Ne3 {[%csl Ge3,Gg8][%cal Rg6g2][%mdl 64] Double Attack} 27. g3 (27. Bg3 $17) 27... Nxd1 $19 ({Don't take} 27... Nxf1 28. Kxf1 Bb6 29. Nd2 $15) 28. Rxd1 Qf7 29. Bg5 Ne5 {Hoping for ...Nf3+.} 30. Nd2 d3 31. Qf4 $2 (31. Rf1 {was the crucial defense.}) 31... Qg6 32. Bh4 Rg7 33. Rf1 Qe6 $2 (33... Rf7 34. Qg5 Ng4) 34. Kg2 Qg4 35. Qf5+ Qxf5 36. exf5 {[#]} Rf7 $1 37. f6 Ng4 {Accuracy: White = 43%, Black = 75%.} 0-1

[Event "XXX Torre Memorial 2018"]
[Site "Merida"]
[Date "2018.12.17"]
[Round "6"]
[White "Miranda Mesa, Elier"]
[Black "Theodorou, Nikolas"]
[Result "1/2-1/2"]
[WhiteElo "2499"]
[BlackElo "2546"]
[Annotator "TA"]
[PlyCount "78"]
[EventDate "2018.12.15"]
[EventType "swiss"]
[EventCountry "MEX"]
[SourceTitle "playchess.com"]
[Source "ChessBase"]
[SourceQuality "1"]

{[%evp 21,78,22,30,11,20,14,18,0,26,21,41,20,27,8,25,0,0,0,33,25,23,17,17,22,24,22,18,0,33,27,43,20,99,94,74,73,81,85,140,139,144,135,138,136,137,149,168,36,42,43,43,40,52,6,7,6,7,7,7]} 1. e4 c5 2. Nf3 d6 3. d4 cxd4 4. Qxd4 Nc6 5. Bb5 Bd7 6. Qd3 Nf6 7. c4 {B53: Sicilian: 2...d6: Lines with Qxd4} a6 8. Bxc6 Bxc6 9. Nc3 e6 10. O-O Be7 11. Rd1 O-O {LiveBook: 7 Games} 12. b3 $146 ({Predecessor:} 12. Nd4 Bd7 13. b3 Rc8 14. Bb2 Qc7 {1-0 (51) Hou,Y (2683)-Negi,P (2664) Saint Louis 2015}) 12... Qa5 13. Bd2 Qh5 14. h3 Rfd8 15. Nd4 Be8 16. Be3 Bf8 17. Nde2 Bc6 18. Nd4 Bd7 19. Nde2 Rac8 20. Bb6 Re8 21. Rac1 $36 {[%mdl 2048] White is pushing.} Bc6 22. a4 Qg6 {[%cal Rf6e4]} 23. Nf4 Qg5 24. Nfe2 Nh5 25. Be3 Qg6 26. Nd4 f5 (26... Nf6 $11) 27. Nxc6 $16 bxc6 28. exf5 exf5 29. b4 f4 (29... Nf6 $142) 30. Qxg6 hxg6 31. Bb6 $1 Nf6 {[#]} 32. b5 $1 Nd7 {[#]} 33. a5 $1 Ne5 34. bxc6 (34. bxa6 $18 {aiming for Ne4.} Nxc4 35. Ne2) 34... Rxc6 $14 35. Nd5 Rec8 36. Nb4 Rxc4 37. Rxc4 Nxc4 {The position is equal.} 38. Nxa6 {Black should prevent Nc7.} Nxa5 $1 39. Bxa5 {Black must now prevent Nc7.} Ra8 {Accuracy: White = 54%, Black = 33%.} 1/2-1/2

[Event "XXX Torre Memorial 2018"]
[Site "Merida"]
[Date "2018.12.17"]
[Round "6"]
[White "Escobar Forero, Alder"]
[Black "Quesada Perez, Yasser"]
[Result "1-0"]
[WhiteElo "2479"]
[BlackElo "2528"]
[Annotator "TA"]
[PlyCount "104"]
[EventDate "2018.12.15"]
[EventType "swiss"]
[EventCountry "MEX"]
[SourceTitle "playchess.com"]
[Source "ChessBase"]
[SourceQuality "1"]

{[%evp 31,104,-8,19,-13,-12,-11,-14,-10,-9,-15,-18,-26,-8,-8,-7,-10,-6,-15,-7,-19,-6,-10,-6,-6,-5,-11,-5,-10,-15,-33,-15,-15,-15,-15,-15,-15,-15,-15,-15,-58,-15,-15,-15,-15,-15,-15,-8,-22,0,0,0,0,0,-29,-25,-27,-25,-25,-25,-25,-35,-191,-182,-144,-163,-162,-214,-1177,-996,-922,-763,-29976,-29977,-29970,-29968]} 1. e4 c5 2. Nf3 e6 3. d4 cxd4 4. Nxd4 Nc6 5. Nc3 Qc7 6. g3 a6 7. Bg2 Nf6 8. O-O Nxd4 9. Qxd4 Bc5 10. Bf4 d6 11. Qd3 h6 12. Rad1 e5 13. Be3 Be6 {B47: Sicilian: Taimanov: 5 Nc3 Qc7 6 f4, 6 g3 and 6 Be2} 14. Bxc5 dxc5 15. Qd6 (15. Nd5 Bxd5 16. exd5 Qd6 {½-½ (16) Simacek,P (2504)-Michalik,P (2549) Czech Republic 2018}) 15... Qxd6 16. Rxd6 Ke7 {LiveBook: 5 Games} 17. Rfd1 (17. Rb6 {is interesting.} Kd7 18. Nd5 Bxd5 19. exd5 Kc7 20. Rb3) 17... Rhd8 18. Rxd8 Rxd8 19. Rxd8 Kxd8 $11 {[%mdl 4096] Endgame KBN-KBN} 20. a3 Kc7 21. f3 Ne8 $146 22. Kf2 Nd6 23. Bf1 b5 24. Ke3 Kc6 25. Nb1 c4 26. Be2 Nb7 27. f4 f6 28. Bh5 a5 29. Nc3 Nd6 30. Nd1 b4 31. axb4 axb4 32. fxe5 fxe5 33. Nf2 Nb7 34. Be8+ Kc5 35. Ba4 Kb6 36. Be8 Nc5 37. Kd2 Na6 38. Ke3 Nc7 39. Ba4 Kc5 40. b3 Nb5 41. bxc4 Bxc4 42. Bxb5 Bxb5 {KB-KN} 43. Ng4 $1 Kc4 {Hoping for ...Kc3.} 44. Nxe5+ Kc3 45. Nf3 Ba4 46. Nd4 $2 {[#]} ({White should try} 46. e5 $15) 46... Bxc2 $19 {White must now prevent ...b3.} 47. Nb5+ Kc4 48. Nd6+ Kc5 49. Ne8 $2 (49. Nb7+ Kb6 50. Nd6) 49... b3 {[#] Threatens to win with ...b2.} 50. Kd2 Kd4 51. Nxg7 Bxe4 52. Ne6+ Kc4 {[%mdl 32768] Accuracy: White = 51%, Black = 46%. . Sensor Board Error (Ke4/e5)?} 1-0

[Event "XXX Torre Memorial 2018"]
[Site "Merida"]
[Date "2018.12.18"]
[Round "7"]
[White "Bok, Benjamin"]
[Black "Albornoz Cabrera, Carlos Daniel"]
[Result "1/2-1/2"]
[WhiteElo "2643"]
[BlackElo "2559"]
[Annotator "TA"]
[PlyCount "50"]
[EventDate "2018.12.15"]
[EventType "swiss"]
[EventCountry "MEX"]
[SourceTitle "playchess.com"]
[Source "ChessBase"]
[SourceQuality "1"]

{[%evp 14,50,8,3,6,9,6,13,15,10,0,12,11,4,49,41,31,15,59,64,93,99,81,73,106,85,95,94,98,97,106,89,107,91,85,7,7,7,6]} 1. Nf3 Nf6 2. c4 e6 3. g3 d5 4. Bg2 Be7 5. O-O O-O 6. b3 b6 7. Nc3 Bb7 8. d4 {LiveBook: 40 Games} dxc4 {E18: Queen's Indian: Old Main Line (4 g3 Bb7 5 Bg2 Be7 6 0-0 0-0 7 Nc3)} (8... Nbd7 9. Bb2 c5 10. Ne1 cxd4 11. Qxd4 Bc5 12. Qf4 Bb4 13. Nd3 Bxc3 14. Bxc3 Qc8 15. Rfc1 dxc4 16. Bxf6 Nxf6 17. Rxc4 Qb8 18. Qxb8 Rfxb8 {½-½ (58) Ding,L (2777)-So,W (2810) Tbilisi 2017}) 9. bxc4 Ne4 10. Bb2 c5 $146 ({Predecessor:} 10... Nd7 11. Qc2 Nxc3 12. Bxc3 c5 13. Ng5 Bxg5 14. Bxb7 Rb8 15. Be4 f5 16. Bg2 cxd4 17. Bxd4 {½-½ (65) Lauritzson,P (2111)-Malesevic,N (2290) Sweden 2011}) 11. d5 Nxc3 12. Bxc3 exd5 13. Ne1 {[%cal Rc4d5]} Bf6 14. Bxf6 Qxf6 15. Nc2 Nc6 16. cxd5 Nd4 17. e4 Nxc2 18. Qxc2 Rfe8 19. Rad1 Qd6 20. f4 f6 21. Rfe1 Re7 22. Re3 Rae8 23. Rde1 c4 ({Not} 23... Bxd5 $2 24. Rd1 $18) 24. Qxc4 (24. e5 $1 $16 {[%cal Re5d6]} Qc5 25. d6) 24... Bxd5 $1 $11 25. Qd4 {[%mdl 64] [#] Pin} Qc5 {Accuracy: White = 68%, Black = 63%.} 1/2-1/2

[Event "XXX Torre Memorial 2018"]
[Site "Merida"]
[Date "2018.12.18"]
[Round "7"]
[White "Cordova, Emilio"]
[Black "Cuenca Jimenez, Jose Fernando"]
[Result "1-0"]
[WhiteElo "2595"]
[BlackElo "2513"]
[Annotator "TA"]
[PlyCount "132"]
[EventDate "2018.12.15"]
[EventType "swiss"]
[EventCountry "MEX"]
[SourceTitle "playchess.com"]
[Source "ChessBase"]
[SourceQuality "1"]

{[%evp 26,132,39,29,50,56,70,67,78,81,81,74,75,75,70,74,93,93,108,108,110,112,100,94,75,60,60,60,60,60,75,72,71,61,79,67,87,74,75,79,85,77,97,97,104,118,124,125,122,122,179,153,279,279,250,273,276,287,279,229,194,216,543,551,719,715,700,698,699,660,1020,1004,855,780,3432,2814,2408,2746,2197,2376,1546,1801,6353,6580,6231,6154,5704,5626,29973,29974,29982,29983,29983,29984,29984,29983,29983,29984,29987,29982,29982,29983,29983,29984,29983,29984,29984,29985,29985]} 1. Nf3 Nf6 2. g3 g6 3. Bg2 Bg7 4. d4 O-O 5. O-O d6 6. c4 Nc6 7. Nc3 a6 8. b3 Rb8 9. d5 Na5 {E63: King's Indian: Fianchetto: Panno Variation with 7...a6} 10. Bg5 (10. Bd2 c5 11. dxc6 Nxc6 12. Qc1 Bd7 13. Bh6 b5 14. Bxg7 Kxg7 15. cxb5 axb5 16. Qb2 Kg8 17. b4 Qb6 18. Rfd1 Rfc8 {½-½ (77) Inarkiev,E (2689)-Zhao,J (2604) Riadh 2017}) 10... h6 11. Bd2 c5 12. dxc6 Nxc6 13. Rc1 Be6 14. Ne1 {LiveBook: 3 Games} Qd7 15. Nd5 {[#]} h5 $146 ({Predecessor:} 15... Kh7 16. Nd3 Bh3 17. Nb6 {0-1 (55) Gonda,L (2528)-Turner,M (2536) Telford 2018}) 16. Bc3 Bh3 17. Nxf6+ Bxf6 18. Bxf6 exf6 19. Bxh3 Qxh3 20. Ng2 Rbd8 21. Nf4 Qf5 22. Qd5 {Qxf5 is the strong threat.} Qxd5 23. Nxd5 Kg7 24. h4 Rfe8 25. e3 Ne7 26. Nc7 Rh8 27. Rfd1 Rd7 28. Nd5 Nxd5 29. Rxd5 $16 {[%mdl 4096] Endgame KRR-KRR} Rhd8 30. e4 Kf8 31. f3 Ke7 32. Kf2 Rc7 33. a4 Rc5 34. Rcd1 Rxd5 35. Rxd5 {KR-KR} Rc8 36. Ke3 Ke6 37. Kd4 Rg8 (37... b6 $16) 38. a5 f5 {[#]} (38... Rc8 $16) 39. e5 $1 $18 dxe5+ 40. Rxe5+ Kd6 41. f4 f6 42. c5+ Kd7 {[#]} 43. Rd5+ $1 Ke7 $2 (43... Kc7 {is a better chance.} 44. Rd6 g5) 44. Rd6 Rc8 45. Rb6 Rc7 46. b4 Rd7+ 47. Kc4 Rc7 48. b5 axb5+ 49. Kxb5 Rd7 {[#]} 50. Rd6 $1 {[%mdl 512]} Rc7 (50... Rxd6 51. cxd6+) 51. Kb6 Rc8 52. Rd5 Ra8 53. Rd3 Ra6+ 54. Kxb7 Rxa5 55. c6 {[%cal Bc5c6,Bc6c7][%mdl 32]} Rb5+ 56. Kc8 g5 57. Rd7+ {White mates.} Ke6 58. c7 gxf4 59. Kd8 Rc5 60. Re7+ Kd6 61. gxf4 Rc4 62. Re2 Rxc7 63. Rd2+ Kc6 64. Rc2+ Kd5 65. Rxc7 Ke4 66. Rc4+ Kd5 {Accuracy: White = 96%, Black = 42%.} 1-0

[Event "XXX Torre Memorial 2018"]
[Site "Merida"]
[Date "2018.12.18"]
[Round "7"]
[White "Baryshpolets, Andrey"]
[Black "Martinez Duany, Lelys Stanley"]
[Result "0-1"]
[WhiteElo "2578"]
[BlackElo "2536"]
[Annotator "ChessBase"]
[PlyCount "134"]
[EventDate "2018.12.15"]
[EventType "swiss"]
[EventCountry "MEX"]
[SourceTitle "playchess.com"]
[Source "ChessBase"]
[SourceQuality "1"]
[TimeControl "5400+30"]

1. d4 {[%emt 0:00:00]} g6 {[%emt 0:01:09]} 2. c4 {[%emt 0:02:29]} Bg7 {[%emt 0:00:48]} 3. Nc3 {[%emt 0:04:37]} c5 {[%emt 0:02:31]} 4. d5 {[%emt 0:00:41]} Nf6 {[%emt 0:02:19]} 5. e4 {[%emt 0:01:09]} d6 {[%emt 0:00:05]} 6. h3 {[%emt 0:00:59]} Na6 {[%emt 0:00:32]} 7. Bd3 {[%emt 0:03:00]} O-O {[%emt 0:01:43]} 8. Bg5 {[%emt 0:03:27]} Nc7 {[%emt 0:04:38]} 9. a4 {[%emt 0:05:58]} e5 {[%emt 0:03:21]} 10. Qd2 {[%emt 0:03:44]} Na6 {[%emt 0:00:43]} 11. Nge2 {[%emt 0:02:32]} Nb4 {[%emt 0:00:09]} 12. Bb1 {[%emt 0:00:37]} Qd7 {[%emt 0:05:32]} 13. g4 {[%emt 0:03:31]} Ne8 {[%emt 0:05:14]} 14. Ng3 {[%emt 0:03:44]} Bf6 {[%emt 0:01:16]} 15. Bh6 {[%emt 0:04:25]} Bg7 {[%emt 0:02:43]} 16. Be3 {[%emt 0:03:53]} Qe7 {[%emt 0:01:34]} 17. Ra3 {[%emt 0:01:28]} Bd7 {[%emt 0:01:03]} 18. Nce2 {[%emt 0:03:53]} a6 {[%emt 0:02:26]} 19. Kf1 {[%emt 0:05:19]} b6 {[%emt 0:00:41]} 20. Kg2 {[%emt 0:00:06]} Qd8 {[%emt 0:02:19]} 21. Kh2 {[%emt 0:01:10]} b5 {[%emt 0:00:56]} 22. b3 {[%emt 0:00:44]} bxa4 {[%emt 0:02:14]} 23. bxa4 {[%emt 0:00:08]} Rb8 {[%emt 0:00:13]} 24. a5 {[%emt 0:02:19]} Kh8 {[%emt 0:02:03]} 25. Rf1 {[%emt 0:00:47]} Qe7 {[%emt 0:03:09]} 26. Ng1 {[%emt 0:00:48]} Bc8 {[%emt 0:01:25]} 27. Nf3 {[%emt 0:04:05]} Nf6 {[%emt 0:02:34]} 28. Bg5 {[%emt 0:01:06]} Qd7 {[%emt 0:02:44]} 29. Rg1 {[%emt 0:03:43]} Ng8 {[%emt 0:02:04]} 30. Rf1 {[%emt 0:02:09]} Qe8 {[%emt 0:01:29]} 31. Be3 {[%emt 0:03:21]} Qe7 {[%emt 0:00:28]} 32. Ng5 {[%emt 0:01:31]} Nf6 {[%emt 0:02:18]} 33. Qc1 {[%emt 0:01:29]} Kg8 {[%emt 0:01:18]} 34. Kg2 {[%emt 0:01:08]} Rb7 {[%emt 0:01:27]} 35. Bd2 {[%emt 0:01:01]} Bd7 {[%emt 0:01:06]} 36. f4 {[%emt 0:01:46]} exf4 {[%emt 0:03:20]} 37. Bxf4 {[%emt 0:00:21]} Rfb8 {[%emt 0:03:12]} 38. Qe3 {[%emt 0:08:29]} Be8 {[%emt 0:01:48]} 39. Nf3 {[%emt 0:04:21]} Nd7 {[%emt 0:00:22]} 40. Bg5 {[%emt 0:01:21]} f6 {[%emt 0:07:27]} 41. Bf4 {[%emt 0:00:59]} Bf7 {[%emt 0:03:09]} 42. Ne2 {[%emt 0:01:20]} Ne5 {[%emt 0:02:30]} 43. Bxe5 {[%emt 0:02:20]} fxe5 {[%emt 0:01:31]} 44. Ra1 {[%emt 0:00:45]} Be8 {[%emt 0:00:55]} 45. g5 {[%emt 0:01:33]} Bd7 {[%emt 0:00:36]} 46. Nh2 {[%emt 0:01:11]} Rf8 {[%emt 0:00:44]} 47. Rxf8+ {[%emt 0:00:09]} Bxf8 {[%emt 0:01:57]} 48. h4 {[%emt 0:00:37]} Bc8 {[%emt 0:00:33]} 49. Nc3 {[%emt 0:00:37]} Qd8 {[%emt 0:01:27]} 50. Nd1 {[%emt 0:00:49]} Rf7 {[%emt 0:00:21]} 51. Nf2 {[%emt 0:00:34]} Rf4 {[%emt 0:00:23]} 52. Qg3 {[%emt 0:01:00]} h5 {[%emt 0:04:00]} 53. Ra3 {[%emt 0:00:44]} Be7 {[%emt 0:01:14]} 54. Nf3 {[%emt 0:00:46]} Bd7 {[%emt 0:01:27]} 55. Ng1 {[%emt 0:01:10]} Qb8 {[%emt 0:00:38]} 56. Ne2 {[%emt 0:00:33]} Rf7 {[%emt 0:00:21]} 57. Bd3 {[%emt 0:01:05]} Bd8 {[%emt 0:00:40]} 58. Qe3 {[%emt 0:01:06]} Bc7 {[%emt 0:00:52]} 59. Nc1 {[%emt 0:00:57]} Qd8 {[%emt 0:00:59]} 60. Nb3 {[%emt 0:00:10]} Rf4 {[%emt 0:00:33]} 61. Kg3 {[%emt 0:00:31]} Qf8 {[%emt 0:01:31]} 62. Nc1 {[%emt 0:01:24]} Bg4 {[%emt 0:00:38]} 63. Qd2 {[%emt 0:01:37]} Rf3+ {[%emt 0:01:44]} 64. Kg2 {[%emt 0:00:03]} Bc8 {[%emt 0:01:45]} 65. Rb3 {[%emt 0:01:01]} Bxa5 {[%emt 0:00:39]} 66. Bf1 {[%emt 0:00:08]} Rf4 {[%emt 0:01:22]} 67. Kg3 {[%emt 0:01:30]} Nd3 {[%emt 0:00:49]} 0-1

[Event "XXX Torre Memorial 2018"]
[Site "Merida"]
[Date "2018.12.18"]
[Round "7"]
[White "Gonzalez Vidal, Yuri"]
[Black "Quesada Perez, Yasser"]
[Result "1/2-1/2"]
[WhiteElo "2553"]
[BlackElo "2528"]
[Annotator "ChessBase"]
[PlyCount "74"]
[EventDate "2018.12.15"]
[EventType "swiss"]
[EventCountry "MEX"]
[SourceTitle "playchess.com"]
[Source "ChessBase"]
[SourceQuality "1"]
[TimeControl "5400+30"]

1. e4 {[%emt 0:00:12]} c5 {[%emt 0:00:00]} 2. Nf3 {[%emt 0:00:24]} e6 {[%emt 0:00:00]} 3. d4 {[%emt 0:00:20]} cxd4 {[%emt 0:00:00]} 4. Nxd4 {[%emt 0:00:06]} Nc6 {[%emt 0:00:00]} 5. Nc3 {[%emt 0:00:09]} Qc7 {[%emt 0:00:00]} 6. Be3 {[%emt 0:00:12]} Nf6 {[%emt 0:00:04]} 7. f4 {[%emt 0:01:49]} Bb4 {[%emt 0:00:07]} 8. Ndb5 {[%emt 0:00:19]} Qa5 {[%emt 0:00:06]} 9. e5 {[%emt 0:00:14]} Nd5 {[%emt 0:00:05]} 10. Bd2 {[%emt 0:01:15]} Nxc3 {[%emt 0:00:07]} 11. Bxc3 {[%emt 0:02:33]} Bxc3+ {[%emt 0:00:08]} 12. Nxc3 {[%emt 0:01:57]} O-O {[%emt 0:00:08]} 13. Qd2 {[%emt 0:01:01]} Rb8 {[%emt 0:00:06]} 14. Bd3 {[%emt 0:14:24]} b5 {[%emt 0:00:07]} 15. O-O {[%emt 0:01:23]} Ba6 {[%emt 0:03:03]} 16. Rf3 {[%emt 0:07:13]} d5 {[%emt 0:11:11]} 17. exd6 {[%emt 0:19:21]} Rfd8 {[%emt 0:09:34]} 18. Qf2 {[%emt 0:12:38]} f5 {[%emt 0:07:02]} 19. Qh4 {[%emt 0:05:00]} b4 {[%emt 0:06:50]} 20. Rh3 {[%emt 0:02:50]} h6 {[%emt 0:02:24]} 21. Ne2 {[%emt 0:09:58]} Bxd3 {[%emt 0:06:32]} 22. Rxd3 {[%emt 0:00:23]} Rxd6 {[%emt 0:02:05]} 23. Rxd6 {[%emt 0:01:03]} Qc5+ {[%emt 0:00:05]} 24. Qf2 {[%emt 0:00:22]} Qxd6 {[%emt 0:00:05]} 25. Qe3 {[%emt 0:00:58]} Rb5 {[%emt 0:03:59]} 26. a3 {[%emt 0:04:22]} bxa3 {[%emt 0:03:35]} 27. bxa3 {[%emt 0:01:59]} e5 {[%emt 0:02:07]} 28. h3 {[%emt 0:07:17]} Qc5 {[%emt 0:12:35]} 29. Qxc5 {[%emt 0:01:25]} Rxc5 {[%emt 0:00:04]} 30. fxe5 {[%emt 0:00:06]} Rxc2 {[%emt 0:01:59]} 31. Nf4 {[%emt 0:02:23]} Nxe5 {[%emt 0:01:39]} 32. Rb1 {[%emt 0:00:08]} Rd2 {[%emt 0:12:10]} 33. Rb8+ {[%emt 0:00:51]} Kf7 {[%emt 0:00:36]} 34. Rb5 {[%emt 0:00:09]} Nc4 {[%emt 0:03:44]} 35. Rxf5+ {[%emt 0:00:18]} Kg8 {[%emt 0:00:04]} 36. Rc5 {[%emt 0:00:47]} Rd4 {[%emt 0:02:49]} 37. Rc8+ {[%emt 0:00:45]} Kh7 {[%emt 0:01:26]} 1/2-1/2

[Event "XXX Torre Memorial 2018"]
[Site "Merida"]
[Date "2018.12.18"]
[Round "7"]
[White "Theodorou, Nikolas"]
[Black "Shtembuliak, Evgeny"]
[Result "1/2-1/2"]
[WhiteElo "2546"]
[BlackElo "2501"]
[Annotator "TA"]
[PlyCount "161"]
[EventDate "2018.12.15"]
[EventType "swiss"]
[EventCountry "MEX"]
[SourceTitle "playchess.com"]
[Source "ChessBase"]
[SourceQuality "1"]

{[%evp 23,161,0,12,8,21,17,20,-28,75,73,83,71,74,82,78,79,83,82,78,86,81,87,83,60,53,64,62,0,0,0,0,0,0,-12,-12,-8,0,0,0,0,0,0,0,0,0,0,0,0,0,0,0,0,0,0,0,0,0,0,0,0,0,0,0,0,0,0,8,0,0,0,0,0,0,0,0,0,0,0,0,0,0,0,0,0,0,0,0,0,0,0,25,24,22,8,8,8,11,8,14,4,16,10,9,8,10,0,0,0,0,0,0,-8,-8,-46,-47,-56,-8,-56,-8,-8,-8,-8,-8,-16,-16,-16,-16,-16,-16,-16,-16,-16,-16,-16,-16,-16,-16,-16,-8,-8]} 1. d4 e6 2. c4 d5 3. g3 Nf6 {[%cal Bg8f6,Bf6d5,Bd5b4,Bb4d3][%mdl 32]} 4. Bg2 Bb4+ 5. Nc3 O-O 6. Nf3 dxc4 7. O-O Nc6 8. Qa4 {E20: Nimzo-Indian: 4 g3 and 4 f3} Nd5 9. Qc2 Be7 10. Rd1 Rb8 (10... Bd7 11. e4 Ncb4 12. Qd2 Nb6 13. Ne5 Nc6 14. Nxc6 Bxc6 15. Qc2 f5 {1-0 (62) Caruana,F (2822)-So,W (2780) Saint Louis 2018}) 11. e4 Ndb4 12. Qe2 Nd3 {LiveBook: 4 Games} 13. Be3 $1 b5 14. b3 Ba6 15. Rab1 $146 ({Predecessor:} 15. d5 Bf6 16. dxc6 Bxc3 {½-½ (38) Spasov,S (2317)-Talos,D (2284) ICCF email 2007}) 15... b4 (15... Qd6 $11 {keeps the balance.}) 16. Na4 $16 cxb3 17. axb3 {Hoping for Qc2.} Nc5 {[#]} 18. Qa2 $1 ({But not} 18. Qc2 Nxa4 19. bxa4 Na5 $11) 18... Nxa4 ({Avoid the trap} 18... Nxe4 $2 19. Ne5 $18) 19. Qxa4 Bb5 20. Qa2 {[%mdl 1024] White has strong compensation.} Bd6 21. Rbc1 Qe8 22. e5 Be7 23. d5 exd5 24. Rxd5 a6 25. Nd2 ({Better is} 25. Nh4 $14 Bxh4 26. Rxb5 (26. gxh4 Nxe5 27. Qc2 c6 $17) 26... axb5 27. Bxc6 Qxe5 28. gxh4) 25... Nd8 $1 $11 26. Ne4 Ne6 27. f4 {Threatens to win with f5.} Rd8 28. Qd2 Rxd5 29. Qxd5 Qd8 30. Qxd8 Rxd8 31. f5 Nd4 $1 {[%cal Rd4e2]} 32. Bxd4 Rxd4 33. Rxc7 Rd7 34. Rc8+ Rd8 35. Rc7 Rd7 36. Rc1 h6 37. Bf1 Bxf1 38. Kxf1 {[%mdl 4096] Endgame KRB-KRN} Rd5 39. Rc8+ Kh7 $1 40. f6 gxf6 41. exf6 Rf5+ 42. Ke2 Bxf6 43. Rc6 Be7 44. Rxa6 Kg7 45. Ra7 Kf8 46. Ra8+ Kg7 47. Ra7 Kf8 48. Rc7 Rh5 49. h4 Re5 50. Kd3 f5 51. Nd2 Rd5+ 52. Ke2 Bd6 53. Rd7 Ke8 54. Rg7 Be5 55. Rg6 Kf7 56. h5 Bg7 57. Nc4 Bf8 58. Rb6 Kg7 59. Re6 Kf7 60. Rg6 Ke7 61. Ke3 f4+ {[%mdl 64] [#] Discovered Attack} 62. gxf4 {Strongly threatening Ne5.} Rxh5 63. Ke4 Rh3 64. Na5 Kf7 65. Rc6 Rc3 66. Rb6 h5 67. Rb7+ Kg8 68. Rb5 h4 69. Rh5 h3 70. f5 Bd6 {...h2 is the strong threat.} 71. Nc4 {The position is equal.} Bc7 72. Ne3 h2 73. Nd5 Rc1 {White must now prevent ...Bd6.} 74. Nxc7 h1=Q+ 75. Rxh1 Rxh1 {KR-KN} 76. Na6 Rh3 77. Nc5 Rc3 78. Kd5 Kf7 79. Kc6 Kf6 80. Kb5 Kxf5 81. Kxb4 {Accuracy: White = 62%, Black = 71%.} 1/2-1/2

[Event "XXX Torre Memorial 2018"]
[Site "Merida"]
[Date "2018.12.18"]
[Round "7"]
[White "Quesada Perez, Luis Ernesto"]
[Black "Miranda Mesa, Elier"]
[Result "1/2-1/2"]
[WhiteElo "2510"]
[BlackElo "2499"]
[Annotator "TA"]
[PlyCount "51"]
[EventDate "2018.12.15"]
[EventType "swiss"]
[EventCountry "MEX"]
[SourceTitle "playchess.com"]
[Source "ChessBase"]
[SourceQuality "1"]

{[%evp 19,51,25,44,37,34,30,43,59,68,0,0,0,0,0,0,0,0,0,0,0,0,0,0,0,0,0,0,0,0,0,0,0,0,0]} 1. d4 d5 2. c4 c6 3. Nc3 Nf6 4. e3 a6 5. Qc2 b5 6. b3 {D10: Slav Defence: 3 cxd5 (without early Nf3) and 3 Nc3} g6 (6... Bg4 7. Nge2 Bh5 8. Nf4 Bg6 9. Nxg6 hxg6 10. Be2 Nbd7 11. h3 e6 12. O-O Be7 13. a3 O-O 14. Bb2 Qc7 15. Rac1 {0-1 (45) Bluebaum,M (2643)-Laznicka,V (2654) Germany 2018}) 7. Bd3 Bg7 8. Nf3 O-O 9. O-O Nbd7 10. Bb2 Bb7 {LiveBook: 33 Games} 11. Rfd1 Qb8 12. Rab1 (12. Rac1 {with more complications.} Re8 13. h3 e6 14. c5 e5 15. dxe5 Nxe5 16. Nxe5 Rxe5 17. Ne2) 12... dxc4 $146 ({Predecessor:} 12... Rc8 13. Qe2 Ne8 14. e4 e6 15. c5 dxe4 16. Nxe4 {1-0 (59) Turova,I (2415)-Lazo,X (2001) Kishinev 2005}) 13. bxc4 c5 14. dxc5 (14. d5 $1 $14) 14... Nxc5 $11 {The position is equal.} 15. cxb5 Nxd3 16. Qxd3 axb5 17. Qxb5 Be4 18. Qxb8 Rfxb8 19. Nxe4 Nxe4 20. Bxg7 Rxb1 21. Rxb1 {[#] Hoping for Be5.} Kxg7 {KRN-KRN} 22. Ra1 Ra3 23. Kf1 Nc3 24. Rc1 Nxa2 25. Rc7 Kf8 26. Rc4 {Accuracy: White = 69%, Black = 86%.} 1/2-1/2